000
00294nam a2200121Ia 4500
100
_a
Shackelford/ James F.
942
_c
BK
654
_a
Materials Science
245
_a
Intrd. to Materials Science for Engineers
260
_b
Macmillan pub
_a
New York
_c
1988
546
_a
ENGLISH
999
_c
21466
_d
21466